000 00667nam a2200241Ia 4500
001 dia_2584
003 CHAP
005 20251023164306.0
008 220117s1991 xx 000 0 und d
010 _a173102
040 _cCHAP
082 _a663.2 M33
100 _aMadrid Vicente, Antonio
_969710
245 _aTecnología del Vino y Bebidas Derivadas /
_c por Antonio Madrid Vicente
260 _aMadrid :
_b S.N.,
_c1991
300 _a296 p.
650 _a1.Vino
_xelaboración/
_9153179
650 _aViticultura.
901 _a663.2 M33
902 _aM
905 _a0000001991 MADA 0000000000ESP00
942 _cLIBRO
_2ddc
999 _c173102
_d173102